[Event "Western Province-chT"]
[Site "Cape Town"]
[Date "2018.08.11"]
[Round "3"]
[White "Sloane, James"]
[Black "Galant, Warren"]
[Result "1-0"]
[WhiteElo "1688"]
[BlackElo "1604"]
[PlyCount "44"]
[EventDate "2018.08.04"]
[EventType "team-tourn"]
[EventRounds "11"]
[EventCountry "RSA"]
[SourceTitle "EXT 2020"]
[Source "ChessBase"]
[SourceDate "2019.10.17"]
[SourceVersion "1"]
[SourceVersionDate "2019.10.17"]
[SourceQuality "1"]
[WhiteTeam "Stellenbosch"]
[BlackTeam "Blackjacks"]
[WhiteTeamCountry "RSA"]
[BlackTeamCountry "RSA"]

1. e4 Nc6 2. Nf3 f5 3. exf5 d5 4. d4 Bxf5 5. Bb5 Nf6 6. Ne5 Qd6 7. 0-0 Nd7 8. Bf4 Ncxe5 9. Bxe5 Qg6 10. Bxd7+ Kxd7 11. c3 Bc2 12. Qf3 e6 13. Nd2 Be7 14. Qg3 Rhg8 15. Bxc7 Qf5 16. Rac1 h5 17. Qf4 Qh7 18. Qe5 Qh6 19. c4 Rac8 20. cxd5 Rxc7 21. dxe6+ Kc8 22. Ne4 Bxe4 1-0

[Event "RSA-ch U20"]
[Site "Gauteng"]
[Date "2017.04.09"]
[Round "8"]
[White "Jacobs, Cavan"]
[Black "Galant, Warren"]
[Result "0-1"]
[WhiteElo "1659"]
[BlackElo "1559"]
[PlyCount "116"]
[EventDate "2017.04.05"]
[EventType "tourn"]
[EventRounds "9"]
[EventCountry "RSA"]
[SourceTitle "CBM 177 Extra"]
[Source "ChessBase"]
[SourceDate "2017.04.27"]
[SourceVersion "1"]
[SourceVersionDate "2017.04.27"]
[SourceQuality "1"]

1. e4 d6 2. d4 Nf6 3. Nc3 e5 4. Nf3 exd4 5. Nxd4 Be7 6. Bc4 0-0 7. 0-0 Nxe4 8. Nxe4 d5 9. Ng3 dxc4 10. Ndf5 Bxf5 11. Nxf5 Bf6 12. Qg4 Nc6 13. Bf4 Ne5 14. Bxe5 Bxe5 15. Rad1 Qf6 16. c3 h5 17. Qh3 g6 18. Ne3 b5 19. Rd5 c6 20. Rd7 Qe6 21. Qxe6 fxe6 22. Rfd1 Rf7 23. h4 a5 24. g3 Kf8 25. a3 Rxd7 26. Rxd7 Ke8 27. Rd1 Ke7 28. Kg2 Rd8 29. Rxd8 Kxd8 30. Kf3 b4 31. Nd1 b3 32. Ke4 Bf6 33. a4 Kd7 34. Kf4 Kd6 35. Ne3 Kc5 36. Nf1 Kd5 37. Ke3 g5 38. hxg5 Bxg5+ 39. f4 Bf6 40. Nd2 e5 41. Ne4 Bg7 42. Nf2 exf4+ 43. gxf4 Bxc3 44. Nd1 Bxb2 45. Nxb2 c3 46. Nd1 c2 47. Nc3+ Kc4 48. Ne4 c1Q+ 49. Ke2 Qxf4 50. Nd2+ Qxd2+ 51. Kxd2 h4 52. Kd1 h3 53. Ke2 h2 54. Ke3 h1Q 55. Kf4 b2 56. Ke3 b1Q 57. Kf4 Qbe4+ 58. Kg5 Qhh4# 0-1

[Event "RSA-ch U20"]
[Site "Gauteng"]
[Date "2017.04.08"]
[Round "7"]
[White "Galant, Warren"]
[Black "Elliott, Luka"]
[Result "1/2-1/2"]
[WhiteElo "1559"]
[BlackElo "1729"]
[PlyCount "133"]
[EventDate "2017.04.05"]
[EventType "tourn"]
[EventRounds "9"]
[EventCountry "RSA"]
[SourceTitle "CBM 177 Extra"]
[Source "ChessBase"]
[SourceDate "2017.04.27"]
[SourceVersion "1"]
[SourceVersionDate "2017.04.27"]
[SourceQuality "1"]

1. e4 c6 2. Nc3 d5 3. Nf3 Bg4 4. h3 Bxf3 5. Qxf3 e6 6. exd5 cxd5 7. Bb5+ Nc6 8. Ne2 a6 9. Ba4 Nf6 10. Nd4 Qc7 11. Nxc6 bxc6 12. 0-0 Bd6 13. d3 0-0 14. Bg5 Nd7 15. d4 Rfb8 16. Bb3 c5 17. c4 dxc4 18. Bxc4 cxd4 19. Bb3 Qb7 20. Qg4 Kh8 21. Qxd4 Be5 22. Qh4 h6 23. Rad1 Kg8 24. Bc1 Nc5 25. Bc2 Bxb2 26. Be3 Qc7 27. Bxc5 Qxc5 28. Be4 Bf6 29. Qg3 Be5 30. Qd3 Ra7 31. Rc1 Qd4 32. Qe2 Rc7 33. Rb1 Rxb1 34. Bxb1 g6 35. Qxa6 Ra7 36. Qc8+ Kg7 37. Qc2 Rc7 38. Qe2 Qb2 39. Qxb2 Bxb2 40. Rd1 Rc1 41. Rxc1 Bxc1 42. Kf1 Ba3 43. Ke2 Kf6 44. Kd3 Ke5 45. Kc3 Bc5 46. f3 Kf4 47. Kc4 Bf2 48. Kd3 Kg3 49. Ke4 f6 50. Bd3 Kxg2 51. Bc4 Kxh3 52. Bxe6+ Kg3 53. Bf7 f5+ 54. Ke5 Kxf3 55. Bxg6 f4 56. Bh5+ Kg3 57. Kf5 Be3 58. Kg6 f3 59. a4 f2 60. Be2 Kh4 61. Kf5 h5 62. Ke4 Ba7 63. Kf3 Kh3 64. Bf1+ Kh2 65. Be2 h4 66. a5 h3 67. Bf1 1/2-1/2

[Event "RSA-ch U20"]
[Site "Gauteng"]
[Date "2017.04.06"]
[Round "3"]
[White "Galant, Warren"]
[Black "Monatisa, Tiisetso"]
[Result "1-0"]
[WhiteElo "1559"]
[BlackElo "1545"]
[PlyCount "93"]
[EventDate "2017.04.05"]
[EventType "tourn"]
[EventRounds "9"]
[EventCountry "RSA"]
[SourceTitle "CBM 177 Extra"]
[Source "ChessBase"]
[SourceDate "2017.04.27"]
[SourceVersion "1"]
[SourceVersionDate "2017.04.27"]
[SourceQuality "1"]

1. e4 e5 2. Nf3 Nc6 3. Bc4 Bc5 4. 0-0 d6 5. h3 Be6 6. Bb3 Qd7 7. c3 Bxh3 8. gxh3 Qxh3 9. d4 exd4 10. cxd4 Bb6 11. Bxf7+ Kf8 12. Bf4 Qg4+ 13. Bg3 Kxf7 14. Kg2 Nf6 15. e5 dxe5 16. dxe5 Nh5 17. Qb3+ Ke8 18. Rg1 Rf8 19. Nbd2 Nxg3 20. Kh2 Nxe5 21. Rxg3 Nxf3+ 22. Nxf3 Qh5+ 23. Rh3 Qf7 24. Qd3 Qd7 25. Qe4+ Qe7 26. Qxb7 Qd8 27. Qe4+ Kf7 28. Qc4+ Kf6 29. Qf4+ Ke7 30. Re1+ Kd7 31. Rd1+ Kc6 32. Qe4+ Kc5 33. Rh5+ g5 34. Rc1+ Kb5 35. Qc6+ Ka5 36. b4+ Ka6 37. b5+ Ka5 38. Qc2 Kb4 39. Qb3+ Ka5 40. Qa3+ Kxb5 41. Rxg5+ Qxg5 42. Nxg5 Rxf2+ 43. Kh1 Raf8 44. Qd3+ Ka4 45. Rb1 R2f4 46. Qb3+ Ka5 47. Qb5# 1-0

[Event "RSA-ch U20"]
[Site "Bloemfontein"]
[Date "2016.03.25"]
[Round "10"]
[White "Kheswa, Itumeleng"]
[Black "Galant, Warren"]
[Result "0-1"]
[WhiteElo "1388"]
[BlackElo "1419"]
[PlyCount "66"]
[EventDate "2016.03.20"]
[EventType "swiss"]
[EventRounds "11"]
[EventCountry "RSA"]
[SourceTitle "CBM 171 Extra"]
[Source "ChessBase"]
[SourceDate "2016.04.26"]
[SourceVersion "1"]
[SourceVersionDate "2016.04.26"]
[SourceQuality "1"]

1. e4 e5 2. Nf3 f5 3. Nc3 d6 4. d3 Nf6 5. Be2 Nc6 6. 0-0 Be7 7. a3 Be6 8. exf5 Bxf5 9. Nh4 Be6 10. Nf3 Qd7 11. b4 a6 12. Bd2 h6 13. Ne4 g5 14. c4 Nxe4 15. dxe4 g4 16. Ne1 h5 17. f4 exf4 18. Bxf4 Ne5 19. Bxe5 dxe5 20. Qxd7+ Bxd7 21. Nd3 Bg5 22. Nxe5 Be3+ 23. Kh1 Bd4 24. Nxd7 Bxa1 25. Rxa1 Kxd7 26. Rd1+ Ke7 27. c5 Rad8 28. Rc1 Rd2 29. Bc4 Rhd8 30. Kg1 Rd1+ 31. Rxd1 Rxd1+ 32. Kf2 Rd4 33. Bg8 Rxe4 0-1

[Event "RSA-ch U20"]
[Site "Bloemfontein"]
[Date "2016.03.24"]
[Round "9"]
[White "Jacobs, Cavan"]
[Black "Galant, Warren"]
[Result "1-0"]
[WhiteElo "1664"]
[BlackElo "1419"]
[PlyCount "97"]
[EventDate "2016.03.20"]
[EventType "swiss"]
[EventRounds "11"]
[EventCountry "RSA"]
[SourceTitle "CBM 171 Extra"]
[Source "ChessBase"]
[SourceDate "2016.04.26"]
[SourceVersion "1"]
[SourceVersionDate "2016.04.26"]
[SourceQuality "1"]

1. e4 a6 2. d4 b5 3. Nf3 Bb7 4. Bd3 e6 5. 0-0 Nf6 6. Bg5 h6 7. Bxf6 Qxf6 8. Nc3 d6 9. Qe2 Nd7 10. Nd1 Qd8 11. c3 Be7 12. a4 c6 13. Ne3 0-0 14. e5 d5 15. b4 Nb6 16. Bc2 Qd7 17. Qd3 g6 18. a5 Nc4 19. Nd1 Ra7 20. Bb3 Bc8 21. Bxc4 dxc4 22. Qe3 Kh7 23. Ra2 Rd8 24. Re2 Qe8 25. d5 Rad7 26. d6 Bf8 27. Nd4 Bb7 28. f4 f5 29. Qh3 Rg7 30. Rd2 Rg8 31. Qe3 Qd7 32. h4 Kg7 33. Nf3 Kf7 34. Qc5 Ke8 35. Ne3 Bg7 36. Kf2 Qc8 37. h5 Bh8 38. hxg6 Rxg6 39. Ra1 Qd7 40. Rdd1 Bg7 41. Nh4 Rg4 42. Nxg4 fxg4 43. Ng6 Qf7 44. d7+ Rxd7 45. Rxd7 Qxd7 46. Rd1 Qf7 47. Qd6 g3+ 48. Kg1 Qf5 49. Qe7# 1-0